000 00356nam a2200145Ia 4500
008 221030s9999 xx 000 0 und d
020 _a8178665034
082 _a105.23
_bChu
100 _aS N Chary
245 0 _aProduction & Operations Management
260 _bHimalaya Pub House
_aMumbai
_c2004
300 _a720
650 _aManagement
942 _cBK
_2ddc
999 _c112
_d112